Normal view
MARC view
- General Book
Entry Topical Term
001 - CONTROL NUMBER
- control field: 20889
003 - CONTROL NUMBER IDENTIFIER
- control field: NUST
005 - DATE AND TIME OF LATEST TRANSACTION
- control field: 20190918124028.0
008 - FIXED-LENGTH DATA ELEMENTS
- fixed length control field: 190918|| aca||aabn | a|a d
040 ## - CATALOGING SOURCE
- Original cataloging agency: NUST
- Transcribing agency: NUST
150 ## - HEADING--TOPICAL TERM
- Topical term or geographic name entry element: General Book
- General subdivision: Urdu Literature
670 ## - SOURCE DATA FOUND
- Source citation: Work cat.: (NUST): Umera Ahmed 20888, Peer-e- Kamil, 2005
